000 01209nam a2200241 i 4500
001 156899
003 ES-MaACL
005 20240424063057.0
008 040804s1881 sp |||| | spa d
080 _a581.9(234.1 Guadarrama)
080 _a630*232(460.188+460.27)
100 1 _aLaguna, Máximo,
_d1826-1902
_969621
245 1 0 _aMemoria de reconocimiento de la Sierra de Guadarrama bajo el punto de vista de la repoblación de sus montes /
_cpor Máximo Laguna y Villanueva.
260 _aMadrid :
_b[s.n.],
_c1881 (
_fImp. de R. Moreno y R. Rojas)
300 _a47 p., [1] h. pleg. col. ;
_c21 cm.
530 _aDisponible en formato digital.
650 4 _aFlora-
_zGuadarrama (España, Sierra)
_9149862
650 4 _aRepoblación forestal-
_zGuadarrama (España, Sierra)
_9149863
852 4 _aES-MaACL
_jG-9534(8)
_z- Enc. hol.
_z- Enc. en un vol. facticio, formando parte de la col. facticia: "Revista de montes. Varios sobre montes, 1880-83, II"
852 4 _aES-MaACL
_jT-148-F-5
_z- Enc. hol., falto de cub. original
_z- Enc. en un vol. facticio
856 4 _uhttp://bdh-rd.bne.es/viewer.vm?id=0000237276&page=1
_zBiblioteca Digital Hispánica
999 _c156899
_d156899